LIBRARY & INFORMATION CENTRE, KCAET, TAVANUR

ONLINE PUBLIC ACCESS CATALOGUE (OPAC)

Veenapoovu-Kanmunpil / (Record no. 11691)

MARC details
000 -LEADER
fixed length control field 00376cam a2200157ua 4500
041 ## - LANGUAGE CODE
Language code of text/sound track or separate title mal
082 ## - DEWEY DECIMAL CLASSIFICATION NUMBER
Classification number 894.81209
Item number DAN/VE
100 ## - MAIN ENTRY--AUTHOR NAME
Personal name Daniel, K.M .
245 00 - TITLE STATEMENT
Title Veenapoovu-Kanmunpil /
250 ## - EDITION STATEMENT
Edition statement 1 /
260 ## - PUBLICATION, DISTRIBUTION, ETC. (IMPRINT)
Place of publication Calicut :
Name of publisher P.K.Brothers ,
Year of publication 1960.
300 ## - PHYSICAL DESCRIPTION
Number of Pages 104 ; .
942 ## - ADDED ENTRY ELEMENTS (KOHA)
Koha item type Books
Holdings
Withdrawn status Lost status Damaged status Home library Current library Date acquired Cost, normal purchase price Full call number Accession Number Koha item type
Withdrawn     KAUAET KAUAET 07/04/2012 1.25 894.81209 4701 Books
free website counter